| 000 | 00443nam a2200157 i 4500 | ||
|---|---|---|---|
| 001 | 70495 | ||
| 003 | ES-MaACL | ||
| 005 | 20230906170832.0 | ||
| 007 | t| | ||
| 008 | 040727s1972 sp ||||1| spa d | ||
| 100 | 1 |
_aGarcía del Valle, José. _954525 |
|
| 245 | 1 | 0 |
_aDios y el hombre / _cpor José García del Valle. |
| 260 |
_a[León : _bs.n., _c1972] ( _fImp. Diocesana) |
||
| 300 |
_a86 p. ; _c21 cm. |
||
| 852 |
_aES-MaACL _jC-47488 _bR.82646 |
||
| 999 |
_c70495 _d70495 |
||